Генезис и развитие исторического сознания

Библиографические подробности
Главный автор: Самиев А. Абдусамад
Другие авторы: Ашуров Г. (редактор)
Примечания:Исключено из фонда НТБ ТПУ
Язык:русский
Опубликовано: Душанбе, Дониш, 1988
Формат: MixedMaterials Книга
Запись в KOHA:https://koha.lib.tpu.ru/cgi-bin/koha/opac-detail.pl?biblionumber=261020

MARC

LEADER 00000nam0a2200000 4500
001 261020
005 20231031221414.0
020 |a RU  |b 88-39436 
035 |a (RuTPU)RU\TPU\book\283992 
090 |a 261020 
100 |a 20140520d1988 k a0rusy5003 ca 
101 0 |a rus 
102 |a TJ 
105 |a y z 001zy 
200 1 |a Генезис и развитие исторического сознания  |f А. Самиев  |g под ред. Г. Ашурова 
210 |a Душанбе  |c Дониш  |d 1988 
215 |a 122 с. 
320 |a Библиогр.: с. 110-120 
333 |a Исключено из фонда НТБ ТПУ 
700 1 |a Самиев  |b А.  |g Абдусамад 
702 1 |a Ашуров  |b Г.  |4 340 
801 0 |a RU  |b RuMRKP  |c 19950417  |g psbo 
801 1 |a RU  |b 63413507  |c 20140520 
801 2 |a RU  |b 63413507  |c 20161201  |g RCR 
942 |c BK